| 000 | 00636cam a2200229 4500 | ||
|---|---|---|---|
| 001 | ##B1818 | ||
| 008 | 090401t1984 xxu||||| |||| 00| 0 eng d | ||
| 035 | _a(Sirsi) u46615 | ||
| 041 | 0 | _aeng | |
| 050 | 0 | 4 | _a333.335 $2 18 |
| 110 | 2 |
_aSavills _92020 |
|
| 245 | 0 | 4 | _aThe Savills-RTP agricultural performance analysis |
| 260 |
_aLondon _bSavills _c1984 |
||
| 300 |
_a7p. _c30cm. |
||
| 350 | _a7.95 | ||
| 490 | 0 | _aSavills Occasional Paper | |
| 651 | 4 |
_aUnited Kingdom _y |
|
| 690 | _aPROPERTY-RURAL AND NATURAL ASSETS-RURAL AND NATURAL ASSET MARKET | ||
| 710 | 2 |
_aRoger Tym and Partners _92268 |
|
| 942 | _n0 | ||
| 948 | _c04/03/1997 | ||
| 999 |
_c91957 _d91957 |
||